| 000 | 00522nam a22001457a 4500 | ||
|---|---|---|---|
| 008 | 210503b ||||| |||| 00| 0 eng d | ||
| 020 | _a9780761163237 | ||
| 082 | _a777 STO | ||
| 100 | _aStockman, Steve | ||
| 245 | _aHow to shoot video that doesn't suck | ||
| 260 |
_aNew York : _bWorkman Pub. Co., _c2011. |
||
| 300 |
_a248 p. : _bill. ; _c24 cm. |
||
| 650 | _a Video recording--Amateurs' manuals. Video recordings--Production and direction--Amateurs' manuals. Digital cinematography--Amateurs' manuals. | ||
| 942 | _2ddc | ||
| 999 |
_c8705 _d8706 |
||